Etudes sur le recrutement des armées / (Registro nro. 152500)
[ vista simple ]
| 000 -LEADER | |
|---|---|
| campo de control de longitud fija | 00748nam a2200193 i 4500 |
| 001 - NÚMERO DE CONTROL | |
| campo de control | 152500 |
| 003 - IDENTIFICADOR DE NÚMERO DE CONTROL | |
| campo de control | ES-MaACL |
| 005 - FECHA Y HORA DE LA ÚLTIMA TRANSACCIÓN | |
| campo de control | 20250531063035.0 |
| 008 - DATOS DE LONGITUD FIJA--INFORMACIÓN GENERAL | |
| campo de control de longitud fija | 050808s1849 fr |||| | fre d |
| 100 1# - ENTRADA PRINCIPAL--NOMBRE DE PERSONA | |
| Nombre de persona | Boudin, Jean-Christian-Marc, |
| Fechas asociadas al nombre | 1806-1867 |
| 9 (RLIN) | 126105 |
| 245 10 - MENCIÓN DEL TÍTULO | |
| Título | Etudes sur le recrutement des armées / |
| Mención de responsabilidad, etc. | par J.-C.-M. Boudin. |
| 260 ## - PUBLICACIÓN, DISTRIBUCIÓN, ETC. | |
| Lugar de publicación, distribución, etc. | Paris : |
| Nombre del editor, distribuidor, etc. | [s.n.], |
| Fecha de publicación, distribución, etc. | 1849 ( |
| Fabricante | Imp. de L. Martinet) |
| 300 ## - DESCRIPCIÓN FÍSICA | |
| Extensión | 53 p. ; |
| Dimensiones | 21 cm. |
| 594 ## - Nota al título y mención de responsabilidad | |
| Nota al título y mención de responsabilidad | Encabezamiento completado con BN Opale-plus. |
| 595 ## - | |
| -- | Extraído de: "Annales d'hygiène publique et de médecine legale", 1849, t. XLI. |
| 650 #4 - PUNTO DE ACCESO ADICIONAL DE MATERIA--TÉRMINO DE MATERIA | |
| Término de materia o nombre geográfico como elemento de entrada | Reclutamiento y alistamiento. |
| 9 (RLIN) | 136806 |
| 852 ## - LOCALIZACIÓN | |
| Ubicación | ES-MaACL |
| Número de control de estantería | R-1371(7) |
| Nota libre | - Enc. hol. |
| -- | .- Donat. Mateo Seoane |
| Estatus retirado | Estado de pérdida | Estado de daño | No para préstamo | Colección | Biblioteca de origen | Biblioteca actual | Ubicación en estantería | Fecha de adquisición | Total de préstamos | Signatura topográfica completa | Código de barras | Visto por última vez | Precio de reemplazo | Tipo de ítem Koha |
|---|---|---|---|---|---|---|---|---|---|---|---|---|---|---|
| Libros del s. XIX | Biblioteca del Ateneo de Madrid | Biblioteca del Ateneo de Madrid | Depósito | 17/01/2008 | R-1371(7) | 1159245 | 23/02/2023 | 23/02/2023 | Libro impreso antiguo |
